First 10 Countries with a McDonalds Quiz Stats

 Plays Quiz Updated Nov 6, 2014

Challenge
Share
Tweet
Embed
Score 0/10 Timer 03:00
0 Plays Today
Year Country % Correct
1940USA
99.4%
1967Canada
97.3%
1972France
91.7%
1971West Germany
89.4%
1971Japan
85.6%
1971Australia
73.6%
1971Netherlands
46%
1971Panama
24.2%
1970Costa Rica
17.6%
1972El Salvador
11.3%

You're not logged in!

Compare scores with friends on all Sporcle quizzes.
OR
Log In

You Might Also Like...

Show Comments

Extras

Top Quizzes Today


Score Distribution

Your Account Isn't Verified!

In order to create a playlist on Sporcle, you need to verify the email address you used during registration. Go to your Sporcle Settings to finish the process.

Report this User

Report this user for behavior that violates our Community Guidelines.

Details: